000 00897cam a22002651 4500
001 6918320
003 OSt
005 20250401162005.0
008 770421s1942 ilu b 000 0 eng
010 _a 42016434
020 _a9966982124
035 _a(OCoLC)2905267
040 _aDLC
_cScU
_dScU
_dOCoLC
_dDLC
042 _apremarc
050 0 0 _aGE 90
_b.K4N43 2013
100 _aAyub Macharia Ndaruga
_957881
245 1 0 _aInnovative Environmental Education Methodologies :
_bCase study analysis on practice
_cAyub Macharia Ndaruga
260 _aNairobi,
_bManilla Publishers
_c2013
300 _axv,173 p.
504 _aIncludes Bibliographies
650 0 _aHuman beings
_xEffect of environment on.
_9101
650 0 _aEnvironmental education--Kenya
_xSustainable development--Study and teaching--Kenya.
_957882
906 _a7
_bcbc
_coclcrpl
_du
_encip
_f19
_gy-gencatlg
942 _2lcc
_cBK
999 _c68360
_d68334